|
|
|
|
| LEADER |
01464cam a2200265 u 4500 |
| 001 |
10078443 |
| 003 |
upatras |
| 005 |
20210117202040.0 |
| 008 |
090909s2006 f eng |
| 040 |
|
|
|a GR-PaULI
|c GR-PaULI
|b gre
|
| 041 |
0 |
|
|a eng
|a gre
|
| 082 |
1 |
4 |
|a 489.37
|2
|
| 111 |
|
|
|9 157310
|a International conference of modern greek dialects and linguistic theory
|c Mytilene, Greece)
|d 2004 :
|
| 245 |
1 |
0 |
|a Proceedings of the second international conference of modern greek dialects and linguistic theory
|b (Mytilene, Greece 30 September - 3 October 2004)
|c edited by Mark Janse, Brian D. Joseph, Angela Ralli
|
| 260 |
|
|
|a [Patras]
|b University of Patras
|c 2006
|
| 300 |
|
|
|a 394 p.
|b ill.
|c 24 cm.
|
| 650 |
|
4 |
|a Ελληνική γλώσσα, Νέα
|x Διάλεκτοι
|x Συνέδρια
|9 77669
|
| 700 |
1 |
|
|a Janse, Mark
|d 1959-
|9 44432
|
| 700 |
1 |
|
|a Joseph, Brian D.
|9 57626
|
| 700 |
1 |
|
|a Ράλλη, Αγγελική
|d
|9 1314
|
| 942 |
|
|
|2 ddc
|c BK15
|
| 952 |
|
|
|0 0
|1 0
|2 ddc
|4 0
|6 489_370000000000000_INT
|7 0
|9 81647
|a LISP
|b LISP
|c BSC
|d 2016-04-24
|i 007340
|l 0
|o 489.37 INT
|p 025000146222
|r 2016-04-24 00:00:00
|t 1
|w 2016-04-24
|y BK15
|x Μεταφορά Τμήματος Φιλολογίας
|
| 952 |
|
|
|0 0
|1 0
|2 ddc
|4 0
|6 489_370000000000000_INT
|7 0
|9 81648
|a LISP
|b LISP
|c ALFa
|d 2016-04-24
|i 009588
|l 1
|m 1
|o 489.37 INT
|p 025000195573
|r 2017-01-26 00:00:00
|s 2017-01-09
|t 2
|w 2016-04-24
|y BK15
|x Μεταφορά Τμήματος Φιλολογίας
|
| 998 |
|
|
|c ELIDOC
|d 2009-09
|
| 999 |
|
|
|c 54275
|d 54275
|